| 000 | 02144nam0a2200397 4500 | ||
|---|---|---|---|
| 001 | RU\NLR\bibl\368600 | ||
| 005 | 20260409072210.0 | ||
| 010 |
_a5-94879-031-2 _910000 |
||
| 021 |
_aRU _b2002-60226 _92923 |
||
| 035 | _a(NLR Aleph) 000363158 | ||
| 090 |
_a348511 _c348511 |
||
| 100 | _a20030211d2002 |||y0rusy50 ca | ||
| 101 | 0 | _arus | |
| 102 | _aRU | ||
| 105 | _ay ||||||||| | ||
| 200 | 1 |
_aАрбитражный процессуальный кодекс Российской Федерации _e[Принят Гос. Думой 14 июля 2002 г. _eОдобрен Советом Федерации 10 июля 2002 г.] |
|
| 210 |
_aМ. _cЮрайт _d2002 |
||
| 215 |
_a174, [1] с. _d21 |
||
| 225 | 1 | _aРоссийское федеральное законодательство | |
| 300 | _aЗагл. обл.: Новый Арбитражный процессуальный кодекс Российской Федерации | ||
| 512 | 1 | _aНовый Арбитражный процессуальный кодекс Российской Федерации | |
| 604 |
_171001$aРоссийская Федерация _150011$aАрбитражный процессуальный кодекс$2nlr_sh2$3RU\NLR\AUTH\661262504 _aРоссийская Федерация _tАрбитражный процессуальный кодекс _92086371 _3RU\NLR\AUTH\661262504 |
||
| 606 |
_aАрбитражный процессуальный кодекс _yРоссийская Федерация _3RU\NLR\auth\66973390 _91541619 |
||
| 610 | 0 | _aАрбитражный процессуальный кодекс Российской Федерации | |
| 675 |
_a347.918(470)(094.4) _v3 _zrus |
||
| 686 |
_a10.31 _2rugasnti |
||
| 686 |
_a67.410 _2rubbk |
||
| 686 | _aХ629.221-324.9(2Р) | ||
| 740 | 1 |
_aРоссийская Федерация _tЗаконы _iАрбитражный процессуальный кодекс _3RU\NLR\AUTH\880379475 _9425334 |
|
| 801 | 0 |
_aRU _bRKP _c20030211 _gPSBO |
|
| 801 | 1 |
_aRU _bRKP _c20030211 |
|
| 801 | 2 |
_aRU _bNLR _c20030321 _grcr |
|
| 942 | _cBOOK | ||
| 980 | _aNB | ||